000
00220nam a2200097Ia 4500
005
20251222113743.0
008
251222s1900||||xx |||||||||||||| ||spa||
082
_a
DVD0070/V28/2003
245
0
_a
Elephant:Elefante
942
_c
DVD
999
_c
668
_d
668